• 首页
  • 本馆介绍
  • 公告通知
  • 最新文献
  • 馆藏检索
  • 电子资源
  • 读者导购
  • 参考咨询
  • 我的图书馆
  • 登录
  • 详细信息显示
  • 放入我的书架
  • 预约/预借图书
  • 作者相关作品
  • 分类相关作品
  • 丛书相关作品
  • 出版社相关作品

书目信息

  • 表格格式
  • 工作单格式
  • 卡片格式
题名:
E网情深
    
 
作者: 李镇西 著
分册:  
出版信息: 成都   四川教育出版社  2003
页数: 318页
开本: 21cm
丛书名: 教育在线文库
单 册:
中图分类: G52-53
科图分类:
主题词: 教育--随笔--中国--文集
电子资源:
ISBN: 7-5408-3880-9
000 01088nam0 2200325 450
000 01051nam0 2200313 450
000 01049nam0 2200325 450
000 00995nam0 2200301 450
000 01024nam0 2200289 450
000 00987nam0 2200277 45
001 TS2006028521
005 20070112110211.46
010    @a7-5408-3880-9@dCNY19.00
100    @a20060829d2003 em y0chiy0110 ea
101 0  @achi
102    @aCN@b510000
105    @ay z 000yy
200 1  @aE网情深@AE wang qing shen@f李镇西著
210    @a成都@c四川教育出版社@d2003
215    @a318页@d21cm
225 2  @a教育在线文库@i教育随笔系列
330    @a该书分为“网事历历”、“三三聊天”、“随心所悟”、“掩卷深思”、“针锋相对”、“看到久说”六辑,共选收近60篇作品。
410  0 @12001 @a教育在线文库@i教育随笔系列
606 0  @a教育@x随笔@y中国@x文集
690    @aG52-53@v4
701  0 @a李镇西@Ali zhen xi@f(1958~)@4著
801  0 @aCN@b中图数据@c20070112
905    @a10447@dG52-53@e112
    
    E网情深/李镇西著.-成都:四川教育出版社,2003
    318页;21cm.-(教育在线文库.教育随笔系列)
    
    
    ISBN 7-5408-3880-9:CNY19.00
    该书分为“网事历历”、“三三聊天”、“随心所悟”、“掩卷深思”、“针锋相对”、“看到久说”六辑,共选收近60篇作品。
●
相关链接 在E读中查询图书 在五车中查询图书 在当当中查询图书 在豆瓣中查询图书


正题名:E网情深     索取号:G52-53/112         预约/预借

序号 登录号 条形码 馆藏地/架位号 状态 备注
1 0611287   206112874   第一样本阅览室/ [索取号:G52-53/112] 在馆    
2 0611288   206112883   第四借阅区/ [索取号:G52-53/112] 在馆    
3 0611289   206112892   第四借阅区/ [索取号:G52-53/112] 在馆    
4 0611290   206112909   第四借阅区/ [索取号:G52-53/112] 在馆    
5 0611291   206112918   第四借阅区/ [索取号:G52-53/112] 在馆    
6 0611292   206112927   第四借阅区/ [索取号:G52-53/112] 在馆    
唐山师范学院图书馆 欢迎您!
大连网信软件有限公司© 版权所有